000 00660nam a2200241Ia 4500
003 OSt
005 20220925223316.0
006 a|||||r|||| 00| 0
007 ta
008 220923b |||||||| |||| 00| 0 eng d
037 _cGeneral Book
040 _aRTL
_cRTL
_beng
041 _2eng
_aeng
082 _aY15:3(L), N6
100 _aDigby Anne
_9284979
245 0 _aGender, health and welfare
260 _aLondon
_bRoutledge
_c1996
300 _ax,239p
_ccm.
650 _aWoman Sociology
700 _a Stewart John Ed.
_9289413
942 _hY15:3(L), N6
_cGB
_2CC
999 _c579223
_d579223